00525cam a22001692 4500001001100000005001700011008004100028020002800069040001500097050001600112245008800128260002600216300001700242650004200259700002800301700002600329000000480820151217151941.0070529s xx 000 0 eng d a0199431077 :cGBP 35.95 aKABUcKABU 0aQP356b.C4510aCellular neurobiology :ba practical approach /ced. by John Chad and Howard Wheal. aOxford :bOUP,c1991. axxi, 287 p. 0aNeurobiologyxMethodolgy.@00001556281 aChad, John.@00001556291 aWheal, H.@0000155630